Actrices françaises par images - Statistiques

Statistiques générales
  • Ce quiz a été pris 77 fois
  • Le résultat moyen est 18 sur 39
Statistiques - réponses
Par images Hint Réponse % Correct
1975 Marion Cotillard
87%
1966 Sophie Marceau
86%
1971 Alexandra Lamy
83%
1957 Mimie Mathy
83%
1962 Isabelle Nanty
81%
1964 Valérie Lemercier
78%
1955 Isabelle Adjani
75%
1978 Camille Cottin
74%
1993 Adèle Exarchopoulos
72%
1977 Audrey Fleurot
70%
1976 Audrey Tautou
65%
1980 Géraldine Nakache
65%
1984 Leïla Bekhti
65%
1985 Léa Seydoux
62%
1970 Marina Foïs
62%
1960 Michèle Laroque
61%
1956 Michèle Bernier
55%
1963 Emmanuelle Béart
52%
1987 Elodie Fontan
51%
1958 Isabelle Mergault
51%
1968 Mathilde Seigner
51%
1959 Corinne Touzet
38%
1983 Mélanie Laurent
36%
1989 Adèle Haenel
35%
1967 Sandrine Bonnaire
32%
1986 Lucie Lucas
28%
1969 Clotilde Courau
25%
1961 Valérie Benguigui
25%
1973 Vanessa Demouy
25%
1972 Judith Godrèche
22%
1981 Louise Bourgoin
22%
1979 Noémie Lenoir
19%
1965 Mathilda May
17%
1982 Alice Pol
16%
1974 Anne Marivin
13%
1988 Sabrina Ouazani
12%
1990 Manon Azem
7%
1992 Claire Chust
6%
1991 Marine Vacth
1%
Aucun quiz correspondant
Distribution des résultats
% des personnes avec chaque résultat
Percentile par nombre de réponses
Votre historique - résultats
Vous n’avez pas pris ce quiz